000 00792nam a2200253Ia 4500
003 OSt
005 20220923230642.0
006 a|||||r|||| 00| 0
007 ta
008 Pun
020 _c150
024 _a289,969
037 _b1019, 16/03/2016, H.K. Prakashan
_cTextual
040 _aARTS
_cARTS
_bPun
041 _2Pun
_aPun
082 _aU8, 153Q2
100 _aਵਿਰਕ, ਸੁਵਰਨ ਸਿੰਘ
_9156315
245 0 _aਪੱਛਮੀ ਪੰਜਾਬ ਵਿਚ ਕੁਝ ਦਿਨ
260 _aਸਿਰਸਾ
_b ਤਸਵੀਰ ਪ੍ਰਕਾFਨ
_c2012
300 _a127ਪੰ
_ccm.
650 _aਭੂਗੋਲ
942 _hU8, 153Q2
_cTEXL
_2CC
999 _c386291
_d386291